Widok standardowy
Widok MARC
Pozycja Corporate Name
Liczba rekordów, w których użyto hasła: 1
001 - Numer kontrolny
- control field: 40704
003 - Identyfikator numeru kontrolnego
- control field: NUKAT
005 - Data i czas ostatniej modyfikacji
- control field: 20260427213454.0
008 - Dane kontrolne kodowane (40 znaków)
- fixed length control field: 040826n||a|znnaabn |a ana |c
010 ## - Numer kontrolny Biblioteki Kongresu
- numer kontrolny LC: n 2004012991
024 7# - OTHER STANDARD IDENTIFIER
- Standard number or code: 22160725854610182305
- Source of number or code: viaf
040 ## - Instytucja sporządzająca rekord
- inst. przygot. dane do rek. khw: GD U/EB
- język haseł przedmiotowych/tezaurus: kaba
- inst. wprow. rek. khw: GD U/EB
110 1# - Hasło - nazwa ciała zbiorowego
- nazwa ciała zbior. lub geogr. na pocz.: Polska.
- nazwa jednostki podrzędnej: Sejm (1562-1567).
410 2# - Trop zob. - nazwa ciała zbiorowego
- nazwa ciała zbior. lub geogr. na pocz.: Sejm 1562-1567.
665 ## - Nota historyczna
- nota historyczna: Na sejmie 1562/63 w Piotrkowie ogłoszono egzekucję praw; kolejne w l. 1563-64, 1565, 1566 i 1567 zwano sejmami "egzekucyjnymi' - rozgraniczały własność prywatną władcy od własności publicznej, doprowadziły w 1569 do zawarcia unii lubelskiej.
670 ## - Źródło informacji
- źródło informacji: Otia cornicensia. T. 1 / skreśliL J. N. Romanowski. - Poznań, 1861.
670 ## - Źródło informacji
- źródło informacji: Historia Polski / Józef Andrzej Gierowski. - Warszawa, 1987.